|
|
|
|
| LEADER |
00000nab#a22000007a#4500 |
| 001 |
arbauad029824 |
| 003 |
AR-BaUAD |
| 005 |
20250711112416.0 |
| 008 |
980205|||||||||###||||||b###|0###a|spa|| |
| 040 |
|
|
|a AR-BaUAD
|c AR-BaUAD
|b spa
|
| 245 |
1 |
0 |
|a Notes sur d'autres films
|
| 653 |
|
|
|a CINE
|
| 653 |
|
|
|a CRITICAS
|
| 653 |
|
|
|a LARGOMETRAJES
|
| 653 |
|
|
|a DIRECTORES DE CINE
|
| 653 |
|
|
|a FRANCIA
|
| 653 |
|
|
|a LAURENT, CHRISTINE
|
| 653 |
|
|
|a LUMET, SIDNEY
|
| 653 |
|
|
|a ESTADOS UNIDOS
|
| 653 |
|
|
|a DONNER, RICHARD
|
| 653 |
|
|
|a CASSAVETES, NICK
|
| 653 |
|
|
|a ARAKI, GREGG
|
| 653 |
|
|
|a SVERAK, JAN
|
| 653 |
|
|
|a CHECOSLOVAQUIA
|
| 653 |
|
|
|a MOCKY, JEAN PIERRE
|
| 653 |
|
|
|a ANGELO, YVES
|
| 653 |
|
|
|a ESPAÑA
|
| 653 |
|
|
|a HERRERO, GERARDO
|
| 653 |
|
|
|a LABUTE, NEIL
|
| 653 |
|
|
|a BRIGHT, MATTHEW
|
| 653 |
|
|
|a ATTENBOROUGH, RICHARD
|
| 653 |
|
|
|a REINO UNIDO
|
| 653 |
|
|
|a LEIGH, MIKE
|
| 653 |
|
|
|a FIGGIS, MIKE
|
| 653 |
|
|
|a FOLEY, JAMES
|
| 653 |
|
|
|a EVANS, DAVID
|
| 653 |
|
|
|a IGLESIA, ALEX DE LA
|
| 653 |
|
|
|a LITTLE, DWIGHT
|
| 653 |
|
|
|a BELMONT, VERA
|
| 773 |
0 |
|
|t CAHIERS DU CINEMA
|g no. 516 [set. 1997], p. 76-82
|
| 942 |
|
|
|c ARTI
|
| 952 |
|
|
|0 0
|1 0
|4 0
|7 0
|9 74743
|a AR-BAuAD
|b AR-BAuAD
|d 2025-07-11
|l 0
|p AAQA029824
|r 2025-07-11 11:24:16
|w 2025-07-11
|y ARTI
|
| 990 |
|
|
|a C199
|b TD
|
| 998 |
|
|
|a AAQ
|b BIBUN76
|
| 999 |
|
|
|c 54416
|d 54416
|